| 000 | 00659cam a22002413a 4500 | ||
|---|---|---|---|
| 001 | 16630 | ||
| 003 | PGUSA | ||
| 005 | 20140828083344.0 | ||
| 008 | 050831s2005||||xxu|||||s|||||000 | eng d | ||
| 040 |
_aPGUSA _beng |
||
| 042 | _adc | ||
| 050 | 4 | _aPS | |
| 100 | 1 |
_aLynde, Francis, _d1856-1930 |
|
| 245 | 1 | 0 |
_aEmpire Builders _h[electronic resource] / _cFrancis Lynde |
| 260 |
_bProject Gutenberg, _c2005 |
||
| 506 | _aPublic domain in the USA. | ||
| 516 | _aElectronic text | ||
| 653 | _aRailroad stories | ||
| 700 | 1 |
_aHambidge, Jay, _d1867-1924 |
|
| 830 | 0 |
_aProject Gutenberg _v16630 |
|
| 856 | 4 | 0 | _uhttp://www.gutenberg.org/ebooks/16630 |
| 942 | _cEB | ||
| 999 |
_c245885 _d245885 |
||